[Event "FRA-chT Poule Basse"]
[Site "Belfort"]
[Date "2004.05.09"]
[Round "9"]
[White "Herbrechtsmeier, Christof"]
[Black "Guadalpi, David"]
[Result "1/2-1/2"]
[WhiteElo "2292"]
[BlackElo "2274"]
[PlyCount "48"]
[EventDate "2004.05.08"]
[EventType "team-tourn"]
[EventRounds "4"]
[EventCountry "FRA"]
[SourceTitle "EXT 2005"]
[Source "ChessBase"]
[SourceDate "2004.11.15"]
[SourceVersion "1"]
[SourceVersionDate "2004.11.15"]
[SourceQuality "1"]
[WhiteTeam "Orange"]
[BlackTeam "Strasbourg"]
[WhiteTeamCountry "FRA"]
[BlackTeamCountry "FRA"]

1. e4 c5 2. Nf3 d6 3. d4 cxd4 4. Nxd4 Nf6 5. Nc3 a6 6. Bg5 e6 7. f4 Qb6 8. Qd2 Nc6 9. 0-0-0 Qxd4 10. Qxd4 Nxd4 11. Rxd4 h6 12. Bh4 Bd7 13. Be2 Bc6 14. Bf3 Rg8 15. Bg3 g5 16. fxg5 hxg5 17. e5 Bxf3 18. gxf3 dxe5 19. Bxe5 Be7 20. Rc4 Rd8 21. Rc7 Rd7 22. Rc8+ Rd8 23. Rc7 Rd7 24. Rc8+ Rd8 1/2-1/2

[Event "Portoroz op"]
[Site "Portoroz"]
[Date "2004.04.25"]
[Round "3"]
[White "Tratar, Marko"]
[Black "Guadalpi, David"]
[Result "1/2-1/2"]
[WhiteElo "2452"]
[BlackElo "2274"]
[PlyCount "37"]
[EventDate "2004.04.??"]
[EventType "swiss"]
[EventRounds "9"]
[EventCountry "SLO"]
[SourceTitle "CBM 100 Extra"]
[Source "ChessBase"]
[SourceDate "2004.07.06"]
[SourceVersion "2"]
[SourceVersionDate "2004.07.06"]
[SourceQuality "1"]

1. d4 Nf6 2. Nf3 e6 3. c4 b6 4. g3 Ba6 5. Qa4 Bb7 6. Bg2 c5 7. dxc5 Bxc5 8. 0-0 0-0 9. Nc3 Na6 10. Rd1 Be7 11. Bf4 Nc5 12. Qc2 Qc8 13. Rac1 Rd8 14. Bd6 Bxd6 15. Rxd6 Nce4 16. Nxe4 Nxe4 17. Rd4 f5 18. Nd2 Nf6 19. Bxb7 1/2-1/2

[Event "FRA-chT Gp-B"]
[Site "France"]
[Date "2004.04.03"]
[Round "6"]
[White "Guadalpi, David"]
[Black "Templier, Nicolas"]
[Result "1-0"]
[WhiteElo "2274"]
[BlackElo "2281"]
[PlyCount "73"]
[EventDate "2004.01.30"]
[EventType "team"]
[EventRounds "7"]
[EventCountry "FRA"]
[SourceTitle "EXT 2005"]
[Source "ChessBase"]
[SourceDate "2004.11.15"]
[SourceVersion "1"]
[SourceVersionDate "2004.11.15"]
[SourceQuality "1"]
[WhiteTeam "Strasbourg"]
[BlackTeam "Vandoeuvre"]
[WhiteTeamCountry "FRA"]
[BlackTeamCountry "FRA"]

1. e4 c5 2. Nf3 d6 3. d4 cxd4 4. Nxd4 Nf6 5. Nc3 Nc6 6. Bg5 e6 7. Qd2 a6 8. 0-0-0 h6 9. Be3 Bd7 10. f3 b5 11. Bd3 Rc8 12. Kb1 Ne5 13. g4 Nc4 14. Bxc4 Rxc4 15. h4 b4 16. Nce2 Qb8 17. g5 Nh5 18. g6 f6 19. Rhe1 Rc8 20. f4 Qb7 21. Qd3 Be7 22. Bc1 e5 23. Qf3 Nxf4 24. Nxf4 exf4 25. Qb3 Rf8 26. Bxf4 Bg4 27. Rd2 Rc5 28. Qg3 Qd7 29. Nb3 Rc6 30. e5 fxe5 31. Bxe5 Rf3 32. Qg2 Bxh4 33. Bg3+ Be7 34. Bh4 Rf6 35. Bxf6 gxf6 36. Qd5 Qf5 37. Qg8+ 1-0